| 000 | 00374cam a22001217a 4500 | ||
|---|---|---|---|
| 008 | 180718b1992 xxu||||| |||| 00| 0 eng d | ||
| 082 | _aAPPPA 91-92 KUM | ||
| 100 | _aKumar, Aditya | ||
| 245 |
_aTourism policy in India: an analysis _cby Aditya Kumar |
||
| 260 |
_aNew Delhi _bIndian Institute of Public Administration _c1992 |
||
| 300 | _a86p. | ||
| 650 | _aTourism policy-India | ||
| 999 |
_c501572 _d501572 |
||